000 00983nam a2200313Ia 4500
001 dia_5268
003 CHAP
005 20240819092554.0
008 220117s2011 xx 000 0 und d
010 _a176177
020 _a978-84-315-5151-3
040 _cCHAP
082 _a641.23 P55 2011
100 _aPilla, Simone
_9158053
245 _aCervezas de todo el mundo : enciclopedia práctica /
_c Simone Pilla y Genny Vinci ; prólogo Alberto Benavides ; traducción Cristina Sala Carbonell
260 _aEspaña :
_b De Vecchi,
_c2011
300 _a655 p.
503 _aC.
590 _aTP577 D4518 P55 2011
650 0 _aBeers
_9158054
650 _aCerveza
_921641
700 _aBenavides, Alberto, prol.
_9158055
700 _aSala, Carbonell, Cristina, tr.
_9158056
700 _aVinci, Genny, coaut.
_9158057
901 _a641.23 P55 2011
902 _aM
905 _a5232272011 sp dn 8222113312spa16
942 _cLIBRO
_2ddc
999 _c176177
_d176177